| 000 | 00806nam a22001937a 4500 | ||
|---|---|---|---|
| 003 | OSt | ||
| 005 | 20250911182759.0 | ||
| 008 | 240208b ||||| |||| 00| 0 eng d | ||
| 040 | _c0 | ||
| 082 | _aDPer 621.381 In821 April 2022 v. 37 n. 4 | ||
| 100 |
_aJo, Gwon-Jae. _eauthor. _952057 |
||
| 245 |
_aRotor flux estimator design with offset extractor for sensorless-driven induction motors / _cGwon-Jae Jo and Jong-Woo Choi. |
||
| 260 |
_aNew York ; _bThe Institute of Electrical and Electronics Engineers, Inc. , _cApril 2022. |
||
| 300 |
_aVolume 37, pages 4497-4510 : _billustration ; _c28 cm. |
||
| 500 | _aIEEE Transaction on Power Electronics, vol. 37, no. 4, pages 4497-4510, April 2022. | ||
| 700 |
_aJo, Gwon-Jae. _eauthor. _952057 |
||
| 700 |
_aChoi, Jong-Woo. _eauthor. _952058 |
||
| 942 |
_2ddc _cPER |
||
| 999 |
_c19050 _d19050 |
||